| 000 | 00535nam a22001937a 4500 | ||
|---|---|---|---|
| 005 | 20250529144101.0 | ||
| 008 | 250418b |||||||| |||| 00| 0 eng d | ||
| 020 | _a9780817925642 | ||
| 040 | _cSDCL | ||
| 041 |
_2eng _aeng |
||
| 084 | _aX61 R3 | ||
| 245 |
_aHow monetary policy got behind : _bThe curve-and how to get back |
||
| 260 |
_aStanford : _bHoover Institution Press, _c2023. |
||
| 300 | _axxiv,398p. | ||
| 700 | _aBordo, Michael D. | ||
| 700 | _aCochrane, John H. | ||
| 700 | _aTaylor, John B. | ||
| 942 |
_2CC _cTEXL |
||
| 999 |
_c1309169 _d1309169 |
||